000 01018nam a22003497a 4500
001 BR2011004891
003 BR-BrBNA
005 20230928103746.0
007 ta
008 230509b bl.||||| |||| 00| 0 por d
040 _aBR-BrBNA
_bpor
_cBiblioteca Nacional de Agricultura
041 _a(Por)
072 _aF01
_b3359
090 _ 3359 BR2011004891
110 1 _aMinistério da Agricultura, Rio de Janeiro, RJ (Brasil). Div. de Defesa Sanitária Vegetal
245 1 _aCultura de orquídeas
_bFolheto nº 206: Departamento de Agricultura dos Estados Unidos
260 3 _aRio de Janeiro, RJ (Brasil):
300 _a11 p.
500 _a9 ref.; 3 tables
650 _aPRODUÇÃO VEGETAL
650 _aORQUÍDEA
650 _aPROPAGAÇÃO VEGETATIVA
650 _aESPÉCIE
650 _aESTUFA
650 _aTEMPERATURA
650 _aSOMBREAMENTO
650 _aVENTILAÇÃO
650 _aDOENÇA DE PLANTA
650 _aPRAGA DE PLANTA
909 _a202309
_bLucia
_c55
_dLucia Elande
942 _cBK
999 _c76492
_d76492